Нормален изглед
MARC изглед
- Гершуин, Джордж
Вход 01. Лично име
001 - Контролен номер на записа
- Контролно поле: 279433
003 - Код на организацията, даваща контролен номер
- Контролно поле: BLK
005 - Дата и час на последна промяна на записа
- Контролно поле: 20250312095704.0
008 - Данни с фиксирана дължина – обща информация
- Данни с фиксирана дължина : 180420|| aca||aabn | a|a d
100 ## - ИМЕ НА ЛИЦЕ -ПЪРВИЧНА ИНТЕЛЕКТУАЛНА ОТГОВОРНОСТ
- Лично име: Гершуин, Джордж
- Дати, свързани с автора: 1898-1937
- Друга информация: Американски композитор и пианист
942 ## - Системна служебна употреба
- Koha auth type: PERSO_NAME